| 000 | 01005cab a22001935a 4500 | ||
|---|---|---|---|
| 001 | L144202 | ||
| 008 | 080703s2008 xxko f g 000 0 eng d | ||
| 035 | _a(Sirsi) u144202 | ||
| 041 | 0 | _aeng | |
| 100 | 1 | _aHart, Sue | |
| 245 | 0 | 4 | _aThe way to a king's ransom? |
| 260 | _c2008 | ||
| 490 |
_aSouth East Farmer _vJune 2008, 47(1) |
||
| 520 | _aDiscusses ransom strips, small areas of land that are retained by sellers and that would prevent future development of the full potential of adjoining land unless the ransom strip is purchased in addition and explains that they are not an easy way of obtaining extra monies from a purchaser. Discusses the possible outcomes of retaining a ransom strip and states that they need not be carefully managed and monitored if they are intended as a substitute to more lengthy overage provisions. | ||
| 590 | _aKA | ||
| 651 | 4 |
_aEngland and Wales _y1543- |
|
| 690 | _aPROPERTY-RURAL AND NATURAL ASSETS-RURAL AND NATURAL ASSET VALUATION AND APPRAISAL | ||
| 942 | _n0 | ||
| 999 |
_c80383 _d80383 |
||